| 000 | 02422nam a2200265Ia 4500 | ||
|---|---|---|---|
| 005 | 20220321151502.0 | ||
| 008 | 220315t2019||||xx |||||||||||||| ||spa|| | ||
| 020 | _a9780867157703 | ||
| 040 |
_aODONTO _bspa _cODONTO _dODONTO |
||
| 041 | _gspa | ||
| 050 | _a611.314 R594 | ||
| 082 | _a611.314 R594 | ||
| 100 |
_aRiquieri, Hilton _9768 |
||
| 245 | 0 |
_aDental anatomy and morphology / _cHilton Riquieri. -- |
|
| 260 |
_aIllinois : _bQuintessence Publishing, _c2019. |
||
| 300 |
_a332 p. : _bil. ; _c29 cm. |
||
| 500 | _aPublicado la primera vez como: "Anatomía e escultura dental" en Portugués en 2016. | ||
| 520 | _a[Tomado de la introducción] Este hermoso atlas transmite no solo el conocimiento práctico de la anatomía dental, sino también el arte de esculpirlo en cera. La anatomía ideal de cada estructura dental se describe en detalle y las técnicas de depilación están bellamente ilustradas paso a paso como referencia visual. El autor demuestra que para cada rasgo morfológico hay una explicación en la naturaleza, asignando importancia a cada rasgo diminuto de la morfología dental. Organizado por diente y arco, este libro analiza la morfología a través de una lente clínica y establece repetidamente conexiones entre las características anatómicas y los conceptos clínicos. Los conocimientos fundamentales presentados en este texto son esenciales para mejorar las técnicas de encerado y esculpido y serán de utilidad tanto para estudiantes como para especialistas. 1,507 illus Contenidos: 1. Los parámetros estéticos y funcionales de los dientes posteriores 2. Primer premolar maxilar 3. Segundo premolar maxilar 4. Primer molar maxilar 5. Segundo molar maxilar 6. Cuadrante posterior maxilar 7. Primer premolar mandibular 8. Segundo premolar mandibular 9 Primer molar mandibular 10. Segundo molar mandibular 11. Cuadrante posterior mandibular 12. Parámetros estéticos y funcionales de los dientes anteriores 13. Incisivos centrales maxilares 14. Incisivos laterales maxilares 15. Caninos maxilares 16. Técnica progresiva para dientes anteriores superiores 17. Segmento anterior y encerados de arco completo. | ||
| 650 | 0 | 2 |
_aAnatomía dental _9206 |
| 650 | 0 | 2 |
_aMorfología dental _9414 |
| 650 | 0 | 2 |
_aDentición permanente _9829 |
| 650 | 0 | 2 |
_aanatomía comparada _9830 |
| 700 |
_aHilton Riquieri. _9831 |
||
| 942 |
_aBiblioteca de la Facultad de Odontología _cBK _n0 _k611.314 R594 _2ddc |
||
| 999 |
_c277 _d277 |
||